Scrabble Generator Puzzle #3 - Statistics

General Stats
  • This quiz has been taken 1,833 times
  • The average score is 13 of 24
Answer Stats
Hint Answer % Correct
Greeting Hi
94%
Rapunzel's ladder Hair
90%
"Well, I'll __!" Be
86%
Chop finely Mince
78%
Coroner's office? Morgue
77%
BINGO JUSTICE
72%
Pool stick Cue
70%
Jerry's pursuer Tom
70%
Pastor's domain Parish
66%
Quick-witted Sharp
66%
Hotel rooms Suite
58%
Ulna, Calcaneus eg. Bone
57%
Sewer clown It
55%
Sacred mantra Om
55%
Earnings Income
52%
Paris transit Metro
42%
Upsilon follower Phi
41%
Religious group Sect
40%
Author Vidal Gore
33%
Pope Francis, eg. Jesuit
32%
Male swan Cob
29%
BINGO COMBINE
27%
BINGO AIRSHIP
14%
BINGO GOURMET
11%
No matching quizzes found
Score Distribution
Percent of People with Each Score
Percentile by Number Answered
Your Score History
You have not taken this quiz